Welcome to the Holygrace Academy Library

Please use search bar below to get started

INTERMEDIATE ENGLISH GRAMMAR (Record no. 3754)

MARC details
000 -LEADER
fixed length control field 00344nam a22001457a 4500
020 ## - INTERNATIONAL STANDARD BOOK NUMBER
ISBN 978-81-8561-851-7
082 ## - DEWEY DECIMAL CLASSIFICATION NUMBER
Classification number 425
Item number MUR/I
100 ## - MAIN ENTRY--AUTHOR NAME
Personal name MURPHY, RAYMOND
245 ## - TITLE STATEMENT
Title INTERMEDIATE ENGLISH GRAMMAR
250 ## - EDITION STATEMENT
Edition statement FIRST
260 ## - PUBLICATION, DISTRIBUTION, ETC. (IMPRINT)
Place of publication NEW DELHI
Name of publisher CAMBRIDGE HOUSE
Year of publication 1992
300 ## - PHYSICAL DESCRIPTION
Number of Pages 350
650 ## - SUBJECT ADDED ENTRY--TOPICAL TERM
Topical Term ENGLISH GRAMMAR
Geographic subdivision NEW DELHI
942 ## - ADDED ENTRY ELEMENTS (KOHA)
Koha item type Books
Holdings
Withdrawn status Lost status Collection code Home library Current library Shelving location Date acquired Source of acquisition Cost, normal purchase price Full call number Accession Number Koha item type
    Reference Main Library Main Library SHELF-16C -ENGLISH GRAMMAR SYNONYMS7ANTONYMS,LETTERS, ETC 28/11/2012 PURCHASE 110.00 425 MUR/I 03424 Books
    Reference Main Library Main Library SHELF-16C -ENGLISH GRAMMAR SYNONYMS7ANTONYMS,LETTERS, ETC 19/05/2011 PURCHASE   425 MUR/I 03415 Books